[Event "Adriatic U20 op"]
[Site "Split"]
[Date "2015.08.28"]
[Round "5"]
[White "Cotic, Borna"]
[Black "Lasic, Vedran"]
[Result "1-0"]
[WhiteElo "1812"]
[BlackElo "1490"]
[PlyCount "87"]
[EventDate "2015.08.25"]
[EventType "swiss"]
[EventRounds "9"]
[EventCountry "CRO"]
[SourceTitle "EXT 2016"]
[Source "ChessBase"]
[SourceDate "2015.10.08"]
[SourceVersion "1"]
[SourceVersionDate "2015.10.08"]
[SourceQuality "1"]

1. e4 e5 2. Nf3 Nc6 3. Nc3 Nf6 4. d4 exd4 5. Nxd4 d5 6. exd5 Nxd5 7. Bb5 Nxc3 8. bxc3 Bd7 9. 0-0 Be7 10. Bxc6 Bxc6 11. Nxc6 bxc6 12. Qf3 Qd5 13. Qe2 Qe6 14. Qxe6 fxe6 15. Re1 Kf7 16. Bf4 Bd6 17. Re4 Bxf4 18. Rxf4+ Ke7 19. Rc4 Rab8 20. Rxc6 Kd7 21. Ra6 Rb2 22. Rd1+ Ke7 23. Rxa7 Rxc2 24. Rxc7+ Kf6 25. g3 Rxa2 26. Rdd7 Rg8 27. c4 h6 28. Rf7+ Kg6 29. c5 Kg5 30. Rxg7+ Rxg7 31. Rxg7+ Kf5 32. c6 Rc2 33. c7 Ke4 34. Rh7 Kf3 35. Rf7+ Ke4 36. Kg2 h5 37. Rh7 e5 38. Kh3 Kf3 39. Rf7+ Ke2 40. Kh4 e4 41. Kxh5 Kf1 42. Kg4 Rxc7 43. Rxc7 Kxf2 44. Rf7+ 1-0

[Event "CRO-ch U13"]
[Site "Kastel Stafilic"]
[Date "2014.06.22"]
[Round "2"]
[White "Ivekovic, Stjepan"]
[Black "Lasic, Vedran"]
[Result "1-0"]
[WhiteElo "1640"]
[BlackElo "1522"]
[PlyCount "109"]
[EventDate "2014.06.22"]
[EventType "swiss"]
[EventRounds "9"]
[EventCountry "CRO"]
[SourceTitle "CBM 161 Extra"]
[Source "ChessBase"]
[SourceDate "2014.08.29"]
[SourceVersion "1"]
[SourceVersionDate "2014.08.29"]
[SourceQuality "1"]

1. e4 e5 2. Nf3 Nc6 3. Bb5 d6 4. c3 Bd7 5. 0-0 Nf6 6. Re1 a6 7. Ba4 Be7 8. d3 h6 9. Nbd2 0-0 10. Nf1 Nb8 11. Bb3 Be6 12. Ng3 Bxb3 13. Qxb3 b5 14. a4 c6 15. Nf5 Nbd7 16. axb5 cxb5 17. d4 exd4 18. N3xd4 Ne5 19. Bf4 Nd3 20. Red1 Nxf4 21. Nc6 Qd7 22. Ncxe7+ Kh8 23. Rxd6 Qb7 24. Qc2 Nxe4 25. Rd4 g6 26. Qxe4 Qxe4 27. Rxe4 Nd3 28. Nd4 Nxb2 29. Nec6 Rfe8 30. Rae1 Rxe4 31. Rxe4 Nc4 32. g3 Nd2 33. Re7 Kg7 34. Ra7 Rxa7 35. Nxa7 Ne4 36. Ne2 Ng5 37. Nc6 Nf3+ 38. Kg2 Ne1+ 39. Kf1 Nf3 40. h4 Nd2+ 41. Ke1 Nf3+ 42. Kd1 g5 43. hxg5 Nxg5 44. Ned4 Ne6 45. Nxe6+ fxe6 46. Kc2 Kf6 47. Kb3 Kf5 48. f3 e5 49. Kb4 e4 50. Nd4+ Ke5 51. f4+ Kd5 52. Nf5 h5 53. Ne3+ Ke6 54. Ka5 Kf6 55. Kxa6 1-0